| 000 | nam a22 7a 4500 | ||
|---|---|---|---|
| 999 |
_c4857 _d4857 |
||
| 003 | AKMAL | ||
| 005 | 20200915104415.0 | ||
| 008 | 200914t20152015my e a001 0 may d | ||
| 020 |
_a9789835211621 _qpaperback _cRM 45.00 |
||
| 082 | 0 | 4 |
_a155.9042088297 SIT _223 |
| 090 | 0 | 0 |
_a155.9042088297 _bSIT |
| 100 | 0 |
_aSiti Norlina Muhamad, _cDr., _eauthor. _99237 |
|
| 245 | 1 | 0 |
_aWanita & PENGURUSAN STRES Menurut Perspektif ISLAM / _cSiti Norlina Muhamad, Farahwahida Mohd Yusof, Fariza Md Sham, Salasiah Hanin Hamjah |
| 264 | 1 |
_aJohor Bahru, Johor : _bPenerbit UTHM, _c2015 |
|
| 264 | 4 | _c©2015 | |
| 300 |
_aviii, 126 pages ; _c23 cm |
||
| 500 | _aIncludes index | ||
| 500 | _aContains verses from the Qur'an | ||
| 504 | _aBibliography: pages [113]-123 | ||
| 650 | 1 | 0 |
_aStress (Psychology) _xReligious aspects _xIslam _99238 |
| 650 | 2 | 0 |
_aStress management for women _99239 |
| 650 | 2 | 0 |
_aStress management _91069 |
| 650 | 2 | 0 |
_aGovernment publications _zMalaysia _91500 |
| 700 | 0 |
_aFarahwahida Mohd. Yusof, _cDr., _d1968- _eauthor. _99240 |
|
| 700 | 0 |
_aFariza Md. Sham, _cProf. Madya, Dr., _d1970-, _eauthor. _99241 |
|
| 700 | 0 |
_aSalasiah Hanin Hamjah, _cProf. Madya, Dr., _d1971- _eauthor. _99242 |
|
| 942 |
_2ddc _cBOOK |
||